[Event "Santpedor op 5th"]
[Site "Santpedor"]
[Date "2001.??.??"]
[Round "7"]
[White "Creus Girabal, Josep Maria"]
[Black "Reyes Riva, Francisco"]
[Result "1/2-1/2"]
[WhiteElo "1800"]
[BlackElo "1860"]
[PlyCount "46"]
[EventDate "2001.09.14"]
[EventType "swiss"]
[EventRounds "7"]
[EventCountry "ESP"]
[SourceTitle "EXT 2003"]
[Source "ChessBase"]
[SourceDate "2002.11.25"]
[SourceVersion "1"]
[SourceVersionDate "2002.11.25"]
[SourceQuality "1"]

1. e4 d5 2. exd5 Nf6 3. Nf3 Nxd5 4. Bc4 Nb6 5. Bb3 e6 6. 0-0 Be7 7. d4 0-0 8. Bf4 c5 9. c3 Nc6 10. Be3 cxd4 11. cxd4 Bf6 12. Nc3 Na5 13. Qc2 Nxb3 14. Qxb3 Nd5 15. Nxd5 exd5 16. h3 b6 17. Rac1 Ba6 18. Rfe1 Qd6 19. a3 Rfc8 20. Qd1 g6 21. Qd2 Rxc1 22. Rxc1 Rc8 23. Rxc8+ Bxc8 1/2-1/2

[Event "Santpedor op 5th"]
[Site "Santpedor"]
[Date "2001.??.??"]
[Round "1"]
[White "Menac Comas, Joan Ramon"]
[Black "Reyes Riva, Francisco"]
[Result "1-0"]
[WhiteElo "2225"]
[BlackElo "1860"]
[PlyCount "71"]
[EventDate "2001.09.14"]
[EventType "swiss"]
[EventRounds "7"]
[EventCountry "ESP"]
[SourceTitle "EXT 2003"]
[Source "ChessBase"]
[SourceDate "2002.11.25"]
[SourceVersion "1"]
[SourceVersionDate "2002.11.25"]
[SourceQuality "1"]

1. e4 d5 2. exd5 Nf6 3. Nc3 Nxd5 4. Bc4 c6 5. Nf3 Bg4 6. d4 e6 7. 0-0 Be7 8. h3 Bh5 9. Be2 0-0 10. Ne4 Nd7 11. c4 N5f6 12. Ng3 Bg6 13. b3 Ne4 14. Nxe4 Bxe4 15. Bb2 Bf6 16. Qd2 h6 17. Qe3 Bh7 18. Rad1 Qc7 19. Ne5 Rfd8 20. f4 Nxe5 21. fxe5 Bg5 22. Qf2 Qe7 23. g3 Qf8 24. Bf3 Be7 25. Kh2 f6 26. exf6 Bxf6 27. Rfe1 Qf7 28. Bg4 Re8 29. Rd2 h5 30. Bf3 Rad8 31. h4 Qc7 32. Bxh5 Re7 33. Ba3 Bxh4 34. Bxe7 Bxg3+ 35. Qxg3 Qxe7 36. Rg1 1-0